| 000 | 00969cam a22002654a 4500 | ||
|---|---|---|---|
| 999 |
_c59802 _d59802 |
||
| 001 | 16889031 | ||
| 005 | 20230421120410.0 | ||
| 008 | 110721s2012 nyu b 001 0 eng | ||
| 020 | _a9781609186494 | ||
| 040 |
_aDNLM/DLC _cDLC |
||
| 041 | _aeng | ||
| 080 | _a616.89-085 | ||
| 100 | 1 |
_aLeahy, Robert L. _917705 |
|
| 245 | 1 | 0 |
_aTreatment plans and interventions for depression and anxiety disorders / _cRobert L. Leahy, Stephen J. F. Holland, Lata K. McGinn. |
| 250 | _a2nd ed. | ||
| 264 |
_aNew York : _bGuilford Press, _c2012. |
||
| 300 |
_a490 p. : _bill. ; _c27 cm. +1 CD-ROM (4 3/4 in.). |
||
| 490 | 0 | _aTreatment plans and interventions for evidence-based psychotherapy | |
| 650 | 2 | 2 |
_aCognitive Therapy. _917706 |
| 653 | _aდეპრესია | ||
| 653 | _aშფოთვითი აშლოლობა | ||
| 700 | 1 |
_aHolland, Stephen J. _eავტორი _917707 |
|
| 700 | 1 |
_aMcGinn, Lata K. _eავტორი _917708 |
|
| 942 |
_2udc _cBK |
||